Marvel's Spider-Man Tile Select Quiz - Statistics

General Stats
  • This quiz has been taken 175 times
  • The average score is 37 of 48
Answer Stats
Question Tile Select % Correct
The Spider-Man Villains Opo-Spider No
99%
The Spider-Man Villains Paper-Girl No
99%
The Spider-Man Villains Doctor Octopus Yes
97%
The Spider-Man Villains Steel Serpent No
97%
The Spider-Man Villains Tigerclaw No
97%
The Spider-Man Villains Lizard-Ette No
96%
The Spider-Man Villains Greem Goblin No
92%
The Spider-Man Villains Rhino Yes
91%
The Movies With A Spider-Man Character Ant-Man V.S. The Wasp No
90%
The Movies With A Spider-Man Character Black Panther: Lost In Wakanda Part 3 No
90%
The Movies With A Spider-Man Character Freddy Holmes No
90%
The Movies With A Spider-Man Character Greg's World No
90%
The Spider-Man Love Interests Mary Jane Watson Yes
90%
The Movies With A Spider-Man Character Squirrel Girl No
90%
The Movies With A Spider-Man Character Tyler Perry's Journey To Madness No
90%
The Movies With A Spider-Man Character Avengers: Endgame Yes
88%
The Spider-Man Love Interests Gwen Stacy Yes
88%
The Spider-Man Love Interests Jenny Jenkins No
88%
The Spider-Man Love Interests Jo-Jo Watson No
88%
The Spider-Man Love Interests Judy Michelle No
88%
The Movies With A Spider-Man Character Spider-Nam No
88%
The Spider-Man Love Interests Peni Parker No
87%
The Movies With A Spider-Man Character Avengers: Infinity War Yes
86%
The Spider-Man Love Interests Penny Parker No
86%
The Spider-Man Love Interests Scarlet Witch No
86%
The Spider-Man Love Interests She-Hulk No
86%
The Movies With A Spider-Man Character Sherlock Holmes: The Search For The Spider-Man No
86%
The Spider-Man Love Interests Squirrel Girl No
86%
The Spider-Man Love Interests Jennifer Jameson No
85%
The Spider-Man Villains Kraven The Hunter Yes
85%
The Movies With A Spider-Man Character Captain America: Civil War Yes
84%
The Spider-Man Villains Kingpin Yes
84%
The Movies With A Spider-Man Character For The Love Of Spider-Man 2: Casting Alfred Molina No
83%
The Movies With A Spider-Man Character For The Love Of Spider-Man 2: The Origin Of Doctor Octopus No
82%
The Movies With A Spider-Man Character The Great Man Himself: Andrew Garfield Interviews Tobey MacGuire On Playing Him No
81%
The Spider-Man Villains Geren Goblin No
76%
The Spider-Man Villains Chameleon Yes
69%
The Spider-Man Villains The Tinkerer Yes
67%
The Spider-Man Love Interests Black Cat Yes
65%
The Spider-Man Love Interests Spider Woman No
62%
The Spider-Man Villains Hydro Man Yes
54%
The Spider-Man Love Interests Betty Brant Yes
46%
The Spider-Man Love Interests Lizz Allen Yes
38%
The Spider-Man Villains Molten Man Yes
36%
The Movies With A Spider-Man Character Venom Yes
36%
The Movies With A Spider-Man Character Iron Man 2 Yes
29%
The Spider-Man Love Interests Black Widow Yes
12%
The Spider-Man Villains Gray Goblin Yes
7%
No matching quizzes found
Score Distribution
Percent of People with Each Score
Percentile by Number Answered
Your Score History
You have not taken this quiz